000 00731nam a2200289Ia 4500
005 20260324120502.0
008 008 260324s9999 xx 000 0 eng d
020 _a9781315738475
037 _aEBOOK
040 _aCRL
040 _beng
040 _cCRL
041 _2eng
041 _aeng
084 _qCRL
100 _aDavid Cox; Kim Stevenson; Candida Harris; Judith Rowbotham
_91158764
245 0 _aPublic Indecency in England 1857-1960
245 0 _b'A Serious and Growing Evil’
260 _bTaylor and Francis
260 _c2015
365 _a
365 _b255
856 _uhttp://www.taylorfrancis.com/books/9781315738475
942 _cEBOOK
999 _c1750321
_d1750321